| 000 | 00819nam a22002297a 4500 | ||
|---|---|---|---|
| 005 | 20100802144551.0 | ||
| 010 | _aENG-97790 | ||
| 020 |
_a9788190869348 _c150.00 |
||
| 035 | _aEN-81323 | ||
| 037 | _bDBAD/PUB | ||
| 082 | _a338.433621 | ||
| 100 |
_aGopikala, K. _94313 |
||
| 245 |
_aGender and health economics / _cby K. Gopakala |
||
| 260 |
_aChennai _bVelicham _c2008 |
||
| 270 |
_aVelicham, 137, (Old No.54), IInd Floor, Jani Jan Khan Road, Royapettah _bChennai _e600014 |
||
| 300 |
_a174p. _c21cm (pbk) |
||
| 500 | _aincludes references | ||
| 650 |
_aHealth Economic _94314 |
||
| 650 |
_aHealth care _94315 |
||
| 942 |
_2ddc _cEN _h338.433621 _mGOP |
||
| 999 |
_c38697 _d38697 |
||